El libro rojo del marketing en las firmas de abogados

Detalles Bibliográficos
Autor principal: Gonzl̀ez Aragoneses, Carmen
Otros Autores: Mňdez, Marisa (coaut.), Rodrg̕uez Fernǹdez, Almudena (coaut.)
Formato: Libro
Lenguaje:español
Publicado: Barcelona : Experiencia, 2005.
Materias:
Acceso en línea:Acceso restringido

MARC

LEADER 00000cam a2200000 i 4500
005 20120619175629.0
007 cr|||| ||||
008 050711s2005 sp 001 0 spa d
017 |a D.L.B999-2005 
020 |a 8496283143 
035 |a 6518 
040 |a SpMaUCCE  |d BUS  |d vLex 
080 |a 658.8 
090 |c 3201  |d 3201 
100 1 |a Gonzl̀ez Aragoneses, Carmen 
245 1 3 |a El libro rojo del marketing en las firmas de abogados   |h [Recurso electrn̤ico] /  |c autores, Carmen Gonzl̀ez, Marisa Mňdez, Almudena Rodrg̕uez ; colaboran, Experiencia Jurd̕ica.com, Magali Bent̕ez. 
256 |a Servicio en ln̕ea 
260 |a Barcelona :  |b Experiencia,  |c 2005. 
300 |a 1 recurso electrn̤ico 
506 1 |a Contenido solo disponible en los productos indicados  |d vLex Global   |d vLex Global (Academic Edition, excluding Law Schools)   |d vLex Global (U.S. Academic Edition, Law Schools)   |d vLex Global (U.S. Academic Edition, excluding Law Schools)   |d vLex Global (Academic Edition, Law Schools)  
650 0 4 |a Marketing 
700 1 |a Mňdez, Marisa,  |e coaut. 
700 1 |a Rodrg̕uez Fernǹdez, Almudena,  |e coaut. 
740 0 |a vLex Libros (Servicio en ln̕ea) 
856 4 0 |u http://vlex.com/source/libro-rojo-marketing-firmas-abogados-6518  |z Acceso restringido 
942 |c BOOK 
999 0 |a Marketing